| 000 | 00576nam a2200193Ia 4500 | ||
|---|---|---|---|
| 005 | 20250508155847.0 | ||
| 008 | 008 250505s9999 xx 000 0 eng d | ||
| 037 | _aDissertations | ||
| 040 |
_aFEDL _beng _cFEDL |
||
| 041 |
_aeng _2eng |
||
| 084 |
_a630.7, BAG/DI _qFEDL |
||
| 100 |
_aBagga Q L _9766646 |
||
| 245 | 0 | _aStudy of the position of agriculture as a craft in basic training college of India | |
| 260 | _c1963 | ||
| 300 | _a56p. | ||
| 546 | _aM.Ed. Dissertation (Delhi University) | ||
| 942 |
_cDIS _h630.7, BAG/DI |
||
| 999 |
_c1359684 _d1359684 |
||